000 00224 a2200097 4500
001 20513
100 _aZelinsky, K
245 _aSoviet Liiterature Prob & People
260 _a
_bProgress Publishers
_c
090 _c14910
_d14910
942 _aNUST-CAE
_cM
_c5459
999 _c255586
_d255586